| 000 -CABECERA |
| Longitud fija campo de control |
00702nam a22002177a 4500 |
| 003 - IDENTIFICADOR DEL NÚMERO DE CONTROL |
| Identificador del número de control |
OSt |
| 005 - FECHA Y HORA DE LA ÚLTIMA TRANSACCIÓN |
| Fecha y hora de la última transacción |
20131108171538.0 |
| 008 - CÓDIGOS DE INFORMACIÓN DE LONGITUD FIJA |
| Códigos de información de longitud fija |
130430s2001 sp ||||| |||| 00| 0 spa d |
| 020 ## - NÚMERO INTERNACIONAL NORMALIZADO PARA LIBROS |
| Número Internacional Normalizado para Libros (ISBN) |
8437051339 (U. de València) |
| 020 ## - NÚMERO INTERNACIONAL NORMALIZADO PARA LIBROS |
| Número Internacional Normalizado para Libros (ISBN) |
8480213477 (U. Jaume I) |
| 020 ## - NÚMERO INTERNACIONAL NORMALIZADO PARA LIBROS |
| Número Internacional Normalizado para Libros (ISBN) |
8488042353 (U. Pompeu Fabra) |
| 020 ## - NÚMERO INTERNACIONAL NORMALIZADO PARA LIBROS |
| Número Internacional Normalizado para Libros (ISBN) |
8449021944 (U. Autònoma) |
| 040 ## - FUENTE DE LA CATALOGACIÓN |
| Centro transcriptor |
CDMR |
| 100 1# - PUNTO DE ACCESO PRINCIPAL-NOMBRE DE PERSONA |
| 9 (RLIN) |
1468 |
| Nombre de persona |
Rodrigo Alsina, Miquel |
| 245 ## - MENCIÓN DE TÍTULO |
| Título |
Teorías de la comunicación |
| Resto del título |
: ámbitos, métodos y perspectivas |
| Mención de responsabilidad, etc. |
Miquel Rodrigo Alsina |
| 260 ## - PUBLICACIÓN, DISTRIBUCIÓN, ETC. (PIE DE IMPRENTA) |
| Lugar de publicación, distribución, etc. |
València [etc.] |
| Nombre del editor, distribuidor, etc. |
Universitat de València [etc.] |
| Fecha de publicación, distribución, etc. |
DL 2001 |
| 300 ## - DESCRIPCIÓN FÍSICA |
| Extensión |
2306 p. |
| Dimensiones |
24 cm. |
| 490 0# - MENCIÓN DE SERIE |
| Mención de serie |
Aldea global |
| Designación de volumen o secuencia |
11 |
| 650 04 - PUNTO DE ACCESO ADICIONAL DE MATERIA - TÉRMINO DE MATERIA |
| 9 (RLIN) |
2085 |
| Término de materia o nombre geográfico como elemento inicial |
Comunicació |
| Subdivisión de materia general |
Teoria |
| 942 ## - ENTRADA DE ELEMENTOS AGREGADOS (KOHA) |
| Fuente de clasificaión o esquema |
|
| Koha [por defecto] tipo de item |
Monografies |